Tìm hiểu các thể thơ Từ thơ cổ phong đến thơ luật

Đã lưu trong:
Sonraí Bibleagrafaíochta
Príomhúdar: Lạc Nam
Formáid: Leabhar
Teanga:Vietnamese
Foilsithe: H. Văn học 1996
Eagrán:Tái bản có sửa chữa
Clibeanna: Cuir Clib Leis
Gan Chlibeanna, Bí ar an gcéad duine leis an taifead seo a chlibeáil!
Thư viện lưu trữ: Mạng thư viện Đại học Đà Nẵng
LEADER 00942nam a2200289 4500
001 000014372
003 10737
005 20120426080410.0
008 120426s1996 viesd
020 |c 25000 
041 0 |a vie 
082 |a 895.92209  |b LA-N 
100 0 |a Lạc Nam 
245 0 |a Tìm hiểu các thể thơ  |b Từ thơ cổ phong đến thơ luật  |c Lạc Nam 
250 |a Tái bản có sửa chữa 
260 |a H.  |b Văn học  |c 1996 
300 |a 287 tr.  |c 21 cm 
OWN |a LSP 
AVA |a UDN50  |b LSP  |d 895.92209 LA-N  |e available  |t Error 5001 Not defined in file expand_doc_bib_avail.  |f 2  |g 0  |h N  |i 0  |k 1 
999 |a From the UDN01 
AVA |a UDN50  |b LSP  |d 895.92209 LA-N  |e available  |t Error 5001 Not defined in file expand_doc_bib_avail.  |f 2  |g 0  |h N  |i 0  |k 1 
TYP |a Monograph 
TYP |a Printed language 
980 |a Mạng thư viện Đại học Đà Nẵng